Score 0/18 Timer 03:00
0 Plays Today
Question Answer Wrong Answers
'Maybe Christmas doesn't come from a store.' The Grinch
93.5%
The Cat in the Hat
1%
The Lorax
0.7%
'If I can't find a reindeer, I'll make one instead!' The Grinch
92.9%
The Cat in the Hat
1.4%
The Lorax
1.1%
'With this coat and this hat, I look just like Saint Nick!' The Grinch
89.7%
The Cat in the Hat
5.2%
The Lorax
0.5%
'I speak for the trees.' The Lorax
88.9%
The Cat in the Hat
3.3%
The Grinch
2.8%
'It's fun to have fun, but you have to know how.' The Cat in the Hat
87.9%
The Lorax
5.1%
The Grinch
2.1%
'You're making such smogulous smoke!' The Lorax
86.7%
The Cat in the Hat
4.4%
The Grinch
4%
'I know it is wet and the sun is not sunny. But we can have lots of good fun that is funny!' The Cat in the Hat
85.6%
The Lorax
8.5%
The Grinch
1.1%
'Then the Whos down in Whoville will all cry boo-hoo!' The Grinch
84.3%
The Cat in the Hat
3.3%
The Lorax
8.1%
'No one can sing who has smog in his throat.' The Lorax
82.6%
The Cat in the Hat
5.5%
The Grinch
6.7%
'I can hop up and down on the ball!' The Cat in the Hat
81.9%
The Lorax
11.6%
The Grinch
1.6%
'Why, my sweet little tot, there's a light on this tree that won't light on one side.' The Grinch
80.3%
The Cat in the Hat
5%
The Lorax
9.9%
'Please pardon my cough.' The Lorax
77.8%
The Cat in the Hat
9.5%
The Grinch
7.4%
'Your machine chugs on, day and night without stop, making Gluppity-Glupp. Also Schloppity-Schlopp.' The Lorax
77.5%
The Cat in the Hat
11.3%
The Grinch
6.3%
'Have no fear! My tricks are not bad.' The Cat in the Hat
77.3%
The Lorax
7%
The Grinch
10.9%
'What's that THING you've made out of my Truffula tuft?' The Lorax
74.5%
The Cat in the Hat
16.6%
The Grinch
3.8%
'Have no fear, little fish.' The Cat in the Hat
68.4%
The Lorax
24.6%
The Grinch
2.1%
'Look at me! Look at me now!' The Cat in the Hat
61.4%
The Lorax
18.6%
The Grinch
15.2%
'Why, for fifty-three years I've put up with it now!' The Grinch
55.8%
The Cat in the Hat
5%
The Lorax
34.2%

Today's Daily Dose

Remove Ads.
Support Sporcle.
Get the best of Sporcle when you Go Orange. This ad-free experience offers more features, more stats, and more fun while also helping to support Sporcle. Thank you for becoming a member.

You're not logged in!

Compare scores with friends on all Sporcle quizzes.
OR
Log In

Show Comments

Extras

Top Quizzes Today


Score Distribution

Your Account Isn't Verified!

In order to create a playlist on Sporcle, you need to verify the email address you used during registration. Go to your Sporcle Settings to finish the process.

Report this User

Report this user for behavior that violates our Community Guidelines.

Details: